Khảo sát thành phần hóa học của Cây Lục Bình ở Hương Thủy, Thừa Thiên Huế

Gespeichert in:
Bibliographische Detailangaben
1. Verfasser: Lê Thị Nhung
Weitere Verfasser: Giang Thị Kim Liên TS (hướng dẫn)
Format: Buch
Sprache:Vietnamese
Veröffentlicht: Đà Nẵng Trường Đại học Sư phạm 2012
Schlagworte:
Tags: Tag hinzufügen
Keine Tags, Fügen Sie den ersten Tag hinzu!
Thư viện lưu trữ: Mạng thư viện Đại học Đà Nẵng
LEADER 01423nam a2200337 4500
001 000017519
003 13937
005 20130423140402.0
008 130423s2012 viesd
041 |a vie 
082 1 4 |a 664.8022  |b LÊ-N 
100 1 |a Lê Thị Nhung 
245 1 0 |a Khảo sát thành phần hóa học của Cây Lục Bình ở Hương Thủy, Thừa Thiên Huế  |c Lê Thị Nhung ; Hướng dẫn Giang Thị Kim Liên  |k Báo cáo khoa học 
260 |a Đà Nẵng  |b Trường Đại học Sư phạm  |c 2012 
300 |a 30 tr.  |b ảnh m.họa  |c 30 cm. 
500 |a Công trình tham gia hội nghị sinh viên nghiên cứu khoa học Trường Đại học Sư phạm năm 2012. Khoa Hóa học 
650 0 4 |a Cây Lục Bình  |v Báo cáo khoa học  |x Hóa học  |z Huế 
653 |a Nghiên cứu khoa học 
653 |a Khảo sát 
700 1 |a Giang Thị Kim Liên  |c TS  |e hướng dẫn 
OWN |a LSP 
AVA |a UDN50  |b LSP  |d 664.8022 LÊ-N  |e available  |t Error 5001 Not defined in file expand_doc_bib_avail.  |f 1  |g 0  |h N  |i 0  |k 1 
999 |a From the UDN01 
AVA |a UDN50  |b LSP  |d 664.8022 LÊ-N  |e available  |t Error 5001 Not defined in file expand_doc_bib_avail.  |f 1  |g 0  |h N  |i 0  |k 1 
TYP |a Mixed Materials 
TYP |a Monograph 
TYP |a Printed language 
980 |a Mạng thư viện Đại học Đà Nẵng